000 00579nam a2200193Ia 4500
003 GCL
008 140319s9999 xx 000 0 ara d
020 _a2012855131
040 _aGCL /
_cGCL
082 0 4 _a811.094
_bى م
100 1 _aيوسف محمد بزي
245 1 0 _aالمرقط /
_cيوسف محمد بزي
260 _aانجلترا :
_bرياض الريس للكتب والنشر ،
_c1989
300 _a68 ص ؛
_c20 سم
650 0 4 _aالشعر العربى
650 0 4 _aالعصر الحديث
650 0 4 _aدواوين وقصائد
942 _2ddc
_cBK
999 _c55913
_d55913